00433pab a2200133 454500008004000000100002400040245008800064260000900152300001200161650003400173650004100207650002500248773002600273180718b2005 xxu||||| |||| 00| 0 eng d aRobert, Alasdair S. aSpin control and freedom of information: lessons for the United Kingdom from Canada c2005 ap.1-23. aRight to information - Canada aRight to information - Great Britain aRight to information aPublic Administration